000 00725nam a22002537a 4500
001 BR6001799
003 BR-BrBNA
005 20230928083106.0
007 ta
008 230509b bl.||||| |||| 00| 0 por d
040 _aBR-BrBNA
_bpor
_cBiblioteca Nacional de Agricultura
041 _a(Por)
072 _aE70
_b/G514
090 _ E70 BR6001799
110 1 _aServico de Economia Rural, Rio de Janeiro, GB (Brasil)
_99315
245 1 _aRelacao das cooperativas registradas ate 30 de junho de 1940 [Brasil]
260 3 _aRio de Janeiro, GB (Brasil):
_c[nd].
300 _a44 p.
500 _a40 tables
650 _aComercializacao
650 _aCooperativa
909 _a202309
_bLucia
_c55
_dLucia Elande
942 _cBK
999 _c11520
_d11520